000 00323nam a22001337a 4500
008 170613b xxu||||| |||| 00| 0 eng d
020 _a0534007953
041 _aeng
080 _a32
100 _a19
101 _aSHP
245 _aTHE SOCIAL AND POLITICAL EXPERIENCE OF MINORITY GROUP
_cLUHMAN.R
942 _2udc
_cBK
999 _c17170
_d17170